GI expectations in the Hungarian fruit industry

In the agrifood policy of the European Union (EU), Geographical Indications (GI) are considered as one of the most important quality indicators. The European system consists of two parallel classifications: Protected Designations of Origin (PDO) and Protected Geographical Indications (PGI). The main...

Teljes leírás

Elmentve itt :
Bibliográfiai részletek
Szerző: Török Áron
Dokumentumtípus: Cikk
Megjelent: University of Szeged, Faculty of Agriculture Szeged 2019
Sorozat:Review on agriculture and rural development 8 No. 1-2
Kulcsszavak:Gyümölcstermesztés
Tárgyszavak:
doi:10.14232/rard.2019.1-2.107-112

Online Access:http://acta.bibl.u-szeged.hu/71076
LEADER 02534nab a2200229 i 4500
001 acta71076
005 20240408125743.0
008 210113s2019 hu o 0|| eng d
022 |a 2063-4803 
024 7 |a 10.14232/rard.2019.1-2.107-112  |2 doi 
040 |a SZTE Egyetemi Kiadványok Repozitórium  |b hun 
041 |a eng 
100 1 |a Török Áron 
245 1 0 |a GI expectations in the Hungarian fruit industry  |h [elektronikus dokumentum] /  |c  Török Áron 
260 |a University of Szeged, Faculty of Agriculture  |b Szeged  |c 2019 
300 |a 107-112 
490 0 |a Review on agriculture and rural development  |v 8 No. 1-2 
520 3 |a In the agrifood policy of the European Union (EU), Geographical Indications (GI) are considered as one of the most important quality indicators. The European system consists of two parallel classifications: Protected Designations of Origin (PDO) and Protected Geographical Indications (PGI). The main beneficiaries of the system are the Mediterranean countries of the EU, both in terms of number of registered products and their economic importance. On the other hand, Central and Eastern European countries have remarkable lag. In Hungary, most of the GI products have very limited economic value and though the products usually have wide reputation, they are rather confined to the domestic market.Soon two Hungarian cherries will be registered in the EU GI system, one PDO (Szomolya cherry) and one PGI (Nagykörű cherry). The aim of the paper is to analyse the expectations of the Hungarian cherry industry regarding the GI recognition. In order to have an ex-ante examination of the research question, 22 semi-structured interviews were conducted with all the stakeholders (producers, GI consortiums, policy makers and other related experts). Results suggest that the possible success of these products stands on the strong cooperation among the producers and the high level of domestic reputation. In short term, a more stable market share; while on long term increasing prices and export possibilities are expected. However, it also became clear that the benefits of the GI recognition can only be expected if additional improvements in infrastructure (e.g. storing and processing capacities) and in marketing (e.g. using the PDO/PGI label) are also carried out. 
650 4 |a Mezőgazdaság-tudományok 
650 4 |a Mezőgazdaság, erdészet, halászat 
695 |a Gyümölcstermesztés 
856 4 0 |u http://acta.bibl.u-szeged.hu/71076/1/agricul_review_2019_001_002_107-112.pdf  |z Dokumentum-elérés